| 000 | 00416 a2200169 4500 | ||
|---|---|---|---|
| 999 |
_c12229 _d12229 |
||
| 003 | OSt | ||
| 005 | 20240117154133.0 | ||
| 008 | 240117b ||||| |||| 00| 0 eng d | ||
| 020 | _a978-0582076884 | ||
| 082 |
_a526.9 _bBAN |
||
| 100 | _aBannister, A. (Arthur); | ||
| 245 | _aSurveying | ||
| 260 |
_bLongman Pub Group _c1992, 6th ed. |
||
| 700 | _a Raymond, Stanley; | ||
| 700 |
_aBaker, R. _d1956- |
||
| 942 | _2ddc | ||